Manažérske účtovníctvo oficiálna terminológia
Salvato in:
| Autore principale: | |
|---|---|
| Natura: | Libro |
| Lingua: | slovacco inglese |
| Pubblicazione: |
Bratislava
IURA EDITION
2004
|
| Serie: | Ekonómia
|
| Soggetti: | |
| Tags: |
Nessun Tag, puoi essere il primo ad aggiungerne!!
|
MARC
| LEADER | 00000nam$a2200000$$$4500 | ||
|---|---|---|---|
| 001 | 0005699 | ||
| 005 | 20240502071349.8 | ||
| 020 | |a 80-89047-59-9 | ||
| 041 | 0 | |a slo | |
| 041 | 0 | |a eng | |
| 044 | |a SK | ||
| 245 | 1 | 0 | |a Manažérske účtovníctvo |b oficiálna terminológia |
| 264 | 1 | |a Bratislava |b IURA EDITION |c 2004 | |
| 300 | |a 302 s. | ||
| 490 | 1 | |a Ekonómia | |
| 830 | 0 | |a Ekonómia | |
| 610 | 2 | 0 | |a účtovníctvo manažérske |
| 610 | 2 | 0 | |a plánovanie |
| 610 | 2 | 0 | |a rozpočtovníctvo |
| 610 | 2 | 0 | |a výkony vnútropodnikové |
| 610 | 2 | 0 | |a účtovníctvo finančné |
| 610 | 2 | 0 | |a organizácie finančné |
| 610 | 2 | 0 | |a náklady |
| 610 | 2 | 0 | |a štandardy |
| 100 | 1 | |a Tumpach, Miloš, 1970- | |